000 01364nam a2200373 c 4500
001 58528
003 CO-BoRNBP
005 20250825221916.0
007 ta
008 160801s2009 sp a b 000 j spa d
020 _a9788434816770
040 _aCO-BoRNBP
_bspa
_erda
_cCO-BoRNBP
041 1 _aspa
_hger
043 _ae-au---
084 _aC
100 _aNèostlinger, Christine,
_d1936-
_eaut
_960999
245 1 0 _aQuerida Susi, querido Paul /
_cChristine Nostlinger ; ilustraciones de Christine Nostlinger Jr. ; traducción del alemán Marinella Terzi.
250 _aCuadragésima edición
264 1 _aMadrid, España :
_bEdiciones S.M.,
_c2009
300 _a92 páginas :
_bilustraciones a color
336 _atexto
_btxt
_2rdacontent
337 _asin mediación
_bn
_2rdamedia
338 _avolumen
_bnc
_2rdacarrier
521 1 _aRecomendado para un público infantil mayor de 6 años
586 _aPremio Hans Christian Andersen, 1984
650 0 7 _aAmistad en la literatura
_2LEMB
_970
650 0 7 _aArte epistolar en la literatura
_2lemb
_963430
650 0 4 _aCuentos infantiles austriacos
_ySiglo XX
_2LEMB
650 0 4 _aLiteratura infantil austriaca
_ySiglo XX
_2LEMB
_9312
650 0 7 _aProtección del medio ambiente
_2LEMB
700 _aNöstlinger, Christina
_eill
_962695
700 _aTerzi, Marinella
_etrl
_960539
942 _2loc
_cBKLITI
999 _c58528
_d58528